| 000 | 00590nab#a2200205#c#4500 | ||
|---|---|---|---|
| 999 |
_c87847 _d87847 |
||
| 003 | IEF | ||
| 005 | 20191210183256.0 | ||
| 008 | 950704s1975 uuu|| #####0 b| |u | ||
| 040 |
_aIEF _cES-MaIEF |
||
| 100 | 1 |
_aÁlvarez Corbacho, Xoaquín _9971 |
|
| 245 |
_aEl llamado "Gap Ecológico" y la distribución del poder económico _c Joaquín Álvarez Corbacho |
||
| 260 | _c1975 | ||
| 500 | _aBibliografía | ||
| 650 | 4 |
_aECOLOGIA _942911 |
|
| 650 | 4 |
_aMEDIO AMBIENTE _947492 |
|
| 773 | 0 |
_tHacienda pública española _w34570 _g37, p. 73-86 |
|
| 942 | _2udc | ||
| 942 | _2udc | ||